<?xml version="1.0" encoding="UTF-8"?><?xml-stylesheet type="text/xsl" href="static/style.xsl"?><OAI-PMH xmlns="http://www.openarchives.org/OAI/2.0/" xmlns:xsi="http://www.w3.org/2001/XMLSchema-instance" xsi:schemaLocation="http://www.openarchives.org/OAI/2.0/ http://www.openarchives.org/OAI/2.0/OAI-PMH.xsd"><responseDate>2026-06-07T19:59:02Z</responseDate><request verb="GetRecord" identifier="oai:docta.ucm.es:20.500.14352/46099" metadataPrefix="marc">https://docta.ucm.es/rest/oai/request</request><GetRecord><record><header><identifier>oai:docta.ucm.es:20.500.14352/46099</identifier><datestamp>2023-08-24T09:15:19Z</datestamp><setSpec>com_20.500.14352_1</setSpec><setSpec>col_20.500.14352_7</setSpec></header><metadata><record xmlns="http://www.loc.gov/MARC21/slim" xmlns:dcterms="http://purl.org/dc/terms/" xmlns:xsi="http://www.w3.org/2001/XMLSchema-instance" xmlns:doc="http://www.lyncode.com/xoai" xsi:schemaLocation="http://www.loc.gov/MARC21/slim http://www.loc.gov/standards/marcxml/schema/MARC21slim.xsd">
   <leader>00925njm 22002777a 4500</leader>
   <datafield ind2=" " ind1=" " tag="042">
      <subfield code="a">dc</subfield>
   </datafield>
   <datafield ind2=" " ind1=" " tag="720">
      <subfield code="a">Cruz Ruiz, Fernando</subfield>
      <subfield code="e">author</subfield>
   </datafield>
   <datafield ind2=" " ind1=" " tag="720">
      <subfield code="a">Durbey Carrasco, Alberto</subfield>
      <subfield code="e">author</subfield>
   </datafield>
   <datafield ind2=" " ind1=" " tag="720">
      <subfield code="a">Sanz Briones, Jorge</subfield>
      <subfield code="e">author</subfield>
   </datafield>
   <datafield ind2=" " ind1=" " tag="260">
      <subfield code="c">2011</subfield>
   </datafield>
   <datafield ind2=" " ind1=" " tag="520">
      <subfield code="a">El uso de entornos virtuales 3D en el ámbito de la
simulación de protocolos de evacuación permite avanzar en el
desarrollo de estos sistemas, mejorando su efectividad y
reduciendo los costes. Este documento recoge el estudio previo y la posterior implementación de un entorno virtual 3D que servirá para simular incendios en la Facultad de Informática de la Universidad Complutense de Madrid. Es un entorno multiusuario cliente – servidor. El documento plantea en primer lugar las limitaciones que presentan actualmente los simulacros de protocolos de evacuación. Se explican posteriormente tanto los orígenes y la evolución de los entornos virtuales, como la integración de los
mismos en este tipo de actividades. Finalmente se expone la evolución de las soluciones aportadas para la consecución de los objetivos y las posibles aplicaciones y ampliaciones de este trabajo.
[ABSTRACT]
The use of 3D virtual environments in the field of evacuation simulations enables the progress in the development of these systems, improving their effectiveness and reducing their costs. This document depicts the prior study and later implementation of a 3D virtual environment that may be used for fire simulations in the Facultad de Informática (IT School) of the Universidad Complutense de Madrid. It is a multi user client/server environment.
The document sets forth the limitations currently entailed
in evacuation simulations, followed by the explanation of the origins and evolution of virtual environments and their
integration in this type of activity. Finally, the evolution of the proposed solutions for the completion of goals is presented, as well as the possible applications and extensions of this project.</subfield>
   </datafield>
   <datafield ind1="8" ind2=" " tag="024">
      <subfield code="a">https://hdl.handle.net/20.500.14352/46099</subfield>
   </datafield>
   <datafield ind2="0" ind1="0" tag="245">
      <subfield code="a">Entorno virtual 3D multiusuario para simulación de escenarios de evacuación</subfield>
   </datafield>
</record></metadata></record></GetRecord></OAI-PMH>